[Event "Pozarevac Rudar FM 02"]
[Site "Pozarevac"]
[Date "2024.02.10"]
[Round "3"]
[White "Milunovic, Toni"]
[Black "Chaitanya, V."]
[Result "1/2-1/2"]
[WhiteElo "2117"]
[BlackElo "1717"]
[PlyCount "107"]
[EventDate "2024.02.08"]
[EventType "schev"]
[EventRounds "10"]
[EventCountry "SRB"]
[SourceTitle "CB08_2024"]
[SourceDate "2024.02.21"]
[SourceVersion "1"]
[SourceVersionDate "2024.02.21"]
[SourceQuality "1"]
[WhiteTeam "Team A"]
[BlackTeam "Team B"]
[WhiteTeamCountry "SRB"]
[BlackTeamCountry "SRB"]

1. d4 d5 2. Bf4 Nf6 3. e3 c5 4. c3 cxd4 5. exd4 Nc6 6. Nd2 Bf5 7. h3 e6 8. Qb3 Qd7 9. Ngf3 a6 10. Nh4 Bg6 11. Be2 Be7 12. a4 Na5 13. Qd1 Rc8 14. Nxg6 hxg6 15. 0-0 Bd6 16. Bxd6 Qxd6 17. b4 Nc4 18. Nxc4 dxc4 19. Bf3 Nd5 20. Bxd5 Qxd5 21. Re1 Rh5 22. f4 Kf8 23. Ra2 Rd8 24. Rae2 Qc6 25. Re5 Rd5 26. a5 Rf5 27. Qd2 Qd7 28. Qe3 Rh5 29. Re4 Qc6 30. Kh2 Rb5 31. g4 Rhd5 32. Re5 Qc7 33. Kg1 b6 34. axb6 Qxb6 35. Rxd5 Rxd5 36. Qe2 Qc7 37. Qf2 a5 38. bxa5 Rxa5 39. Qf3 Ra2 40. Rf1 Qa5 41. f5 gxf5 42. gxf5 exf5 43. Qxf5 Qxf5 44. Rxf5 Rc2 45. Rf3 Ke7 46. Kf1 Rh2 47. Rg3 g6 48. Ke1 Ke6 49. Re3+ Kd6 50. Kf1 Rc2 51. Ke1 Rh2 52. Kf1 Rc2 53. Ke1 Rh2 54. Kf1 1/2-1/2

[Event "Pozarevac Rudar FM-B 01"]
[Site "Pozarevac"]
[Date "2024.02.04"]
[Round "7.1"]
[White "Milunovic, Toni"]
[Black "Chaitanya, V."]
[Result "1-0"]
[WhiteElo "2117"]
[BlackElo "1717"]
[PlyCount "83"]
[EventDate "2024.01.31"]
[EventType "tourn"]
[EventRounds "10"]
[EventCountry "SRB"]
[SourceTitle "CB07_2024"]
[SourceDate "2024.02.14"]
[SourceVersion "1"]
[SourceVersionDate "2024.02.14"]
[SourceQuality "1"]
[WhiteTeam "TIeam A"]
[BlackTeam "TIeam B"]
[WhiteTeamCountry "SRB"]
[BlackTeamCountry "SRB"]

1. c4 Nf6 2. Nc3 g6 3. e4 d6 4. d4 Bg7 5. h3 0-0 6. Be3 e5 7. d5 Na6 8. g4 Nc5 9. Bd3 a5 10. Nge2 Nxd3+ 11. Qxd3 c6 12. Ng3 cxd5 13. cxd5 Ne8 14. a4 Bf6 15. Rc1 Bg5 16. Qd2 Bh4 17. Bh6 Ng7 18. Rg1 Bxg3 19. Rxg3 Bd7 20. Qe3 Ra6 21. b3 Qb6 22. Qxb6 Rxb6 23. Nb1 Rb4 24. Nd2 b5 25. Rc7 Be8 26. axb5 Bxb5 27. Rgc3 a4 28. Rb7 axb3 29. Rxb3 Rxb3 30. Nxb3 Bd3 31. f3 Ra8 32. Na5 Ba6 33. Rb6 Ne8 34. Nc6 f6 35. Bd2 Kg7 36. Kf2 h6 37. h4 f5 38. g5 hxg5 39. hxg5 fxe4 40. fxe4 Bc8 41. Na5 Ra6 42. Rb8 1-0

[Event "Pozarevac Rudar FM-B 01"]
[Site "Pozarevac"]
[Date "2024.02.04"]
[Round "6.1"]
[White "Usacheva, Glafira"]
[Black "Milunovic, Toni"]
[Result "1/2-1/2"]
[WhiteElo "1957"]
[BlackElo "2117"]
[PlyCount "30"]
[EventDate "2024.01.31"]
[EventType "tourn"]
[EventRounds "10"]
[EventCountry "SRB"]
[SourceTitle "CB07_2024"]
[SourceDate "2024.02.14"]
[SourceVersion "1"]
[SourceVersionDate "2024.02.14"]
[SourceQuality "1"]
[WhiteTeam "TIeam B"]
[BlackTeam "TIeam A"]
[WhiteTeamCountry "SRB"]
[BlackTeamCountry "SRB"]

1. e4 e6 2. d4 d5 3. Nc3 Bb4 4. e5 Qd7 5. a3 Bxc3+ 6. bxc3 b6 7. Qg4 f5 8. Qg3 Ba6 9. Bxa6 Nxa6 10. a4 Nb8 11. Ne2 Nc6 12. h4 Qf7 13. Nf4 Nge7 14. Ba3 0-0-0 15. Ne2 Kb7 1/2-1/2

[Event "Pozarevac Rudar FM 01"]
[Site "Pozarevac"]
[Date "2024.01.30"]
[Round "10.1"]
[White "Harshit, Amarnani"]
[Black "Milunovic, Toni"]
[Result "1/2-1/2"]
[WhiteElo "1811"]
[BlackElo "2117"]
[PlyCount "21"]
[EventDate "2024.01.24"]
[EventType "schev"]
[EventRounds "10"]
[EventCountry "SRB"]
[SourceTitle "CB06_2024"]
[SourceDate "2024.02.07"]
[SourceVersion "1"]
[SourceVersionDate "2024.02.07"]
[SourceQuality "1"]
[WhiteTeam "Team B"]
[BlackTeam "Team A"]
[WhiteTeamCountry "SRB"]
[BlackTeamCountry "SRB"]

1. e4 e6 2. d4 d5 3. e5 Qd7 4. Nf3 b6 5. Be2 Ba6 6. Bxa6 Nxa6 7. Qe2 Nb8 8. 0-0 Ne7 9. c3 Ng6 10. Be3 Be7 11. Nbd2 1/2-1/2

[Event "Pozarevac Rudar FM 01"]
[Site "Pozarevac"]
[Date "2024.01.27"]
[Round "6.1"]
[White "Usacheva, Glafira"]
[Black "Milunovic, Toni"]
[Result "1/2-1/2"]
[WhiteElo "1957"]
[BlackElo "2117"]
[PlyCount "62"]
[EventDate "2024.01.24"]
[EventType "schev"]
[EventRounds "10"]
[EventCountry "SRB"]
[SourceTitle "CB06_2024"]
[SourceDate "2024.02.07"]
[SourceVersion "1"]
[SourceVersionDate "2024.02.07"]
[SourceQuality "1"]
[WhiteTeam "Team B"]
[BlackTeam "Team A"]
[WhiteTeamCountry "SRB"]
[BlackTeamCountry "SRB"]

1. e4 c5 2. Nf3 e6 3. g3 a6 4. Bg2 Nc6 5. 0-0 Qc7 6. c3 Nf6 7. Re1 d6 8. d4 e5 9. d5 Nb8 10. a4 b6 11. c4 Bg4 12. Nc3 Be7 13. Qd3 h5 14. Nh4 Nh7 15. Nf5 g6 16. Nxe7 Qxe7 17. f4 f6 18. f5 gxf5 19. exf5 h4 20. h3 Bh5 21. g4 Bf7 22. a5 Qc7 23. Bd2 Nd7 24. Ne4 Ke7 25. Ra3 Rhb8 26. g5 fxg5 27. Nxg5 Nxg5 28. Bxg5+ Nf6 29. Qe4 Rh8 30. Bxh4 b5 31. b3 Rab8 1/2-1/2

[Event "Pozarevac Rudar FM 01"]
[Site "Pozarevac"]
[Date "2024.01.24"]
[Round "1.1"]
[White "Milunovic, Toni"]
[Black "Usacheva, Glafira"]
[Result "1-0"]
[WhiteElo "2117"]
[BlackElo "1957"]
[PlyCount "77"]
[EventDate "2024.01.24"]
[EventType "schev"]
[EventRounds "10"]
[EventCountry "SRB"]
[SourceTitle "CB06_2024"]
[SourceDate "2024.02.07"]
[SourceVersion "1"]
[SourceVersionDate "2024.02.07"]
[SourceQuality "1"]
[WhiteTeam "Team A"]
[BlackTeam "Team B"]
[WhiteTeamCountry "SRB"]
[BlackTeamCountry "SRB"]

1. Nf3 Nf6 2. c4 e6 3. d4 b6 4. a3 Be7 5. Nc3 Bb7 6. Bg5 Ne4 7. Bxe7 Qxe7 8. Rc1 0-0 9. e3 f5 10. Be2 d6 11. 0-0 Nd7 12. d5 Nxc3 13. Rxc3 e5 14. b4 Kh8 15. Nd2 Nf6 16. Qb1 b5 17. cxb5 Nxd5 18. Rc2 Rf6 19. Rfc1 Rg6 20. Bf1 Qg5 21. Nf3 Qg4 22. Ne1 Rf8 23. Rxc7 Nxc7 24. Rxc7 Be4 25. Qc1 f4 26. exf4 exf4 27. Rc4 d5 28. Rc6 d4 29. f3 Bxf3 30. Nxf3 d3 31. Ne5 Rxc6 32. bxc6 Qe6 33. Nxd3 f3 34. Qc5 f2+ 35. Nxf2 Rf7 36. g3 h6 37. b5 Qc8 38. Bd3 Rc7 39. Qf5 1-0

[Event "Pozarevac Rudar FM3 11"]
[Site "Pozarevac"]
[Date "2023.11.17"]
[Round "3.5"]
[White "Ilic, Mia"]
[Black "Milunovic, Toni"]
[Result "0-1"]
[WhiteElo "1580"]
[BlackElo "2133"]
[PlyCount "60"]
[EventDate "2023.11.15"]
[EventType "schev"]
[EventRounds "10"]
[EventCountry "SRB"]
[SourceTitle "CB49_2023"]
[SourceDate "2023.12.06"]
[SourceVersion "1"]
[SourceVersionDate "2023.12.06"]
[SourceQuality "1"]
[WhiteTeam "Team A"]
[BlackTeam "Team B"]
[WhiteTeamCountry "SRB"]
[BlackTeamCountry "SRB"]

1. d4 d5 2. c4 c6 3. Nc3 Nf6 4. Nf3 a6 5. Bf4 Bf5 6. e3 b5 7. c5 g6 8. Ne5 Bg7 9. g4 Be6 10. Be2 Nfd7 11. Nd3 Nf6 12. Ne5 Qc8 13. h4 h5 14. f3 Nbd7 15. g5 Nh7 16. Qd3 Bf5 17. e4 dxe4 18. Nxe4 Nxe5 19. Bxe5 Bxe5 20. dxe5 Qe6 21. f4 0-0 22. Qe3 f6 23. Ng3 fxe5 24. Nxf5 Rxf5 25. Bd1 Qf7 26. fxe5 e6 27. Be2 Rd8 28. Rf1 Rd5 29. Rd1 Rxf1+ 30. Bxf1 Rxd1+ 0-1

[Event "SRB-chT 2nd League East"]
[Site "Knic"]
[Date "2019.09.07"]
[Round "2.4"]
[White "Jovanovic, Drasko"]
[Black "Milunovic, Toni"]
[Result "1-0"]
[WhiteElo "2239"]
[BlackElo "2193"]
[PlyCount "69"]
[EventDate "2019.09.06"]
[EventType "team-tourn"]
[EventRounds "11"]
[EventCountry "SRB"]
[SourceTitle "EXT 2020"]
[Source "ChessBase"]
[SourceDate "2019.10.17"]
[SourceVersion "1"]
[SourceVersionDate "2019.10.17"]
[SourceQuality "1"]
[WhiteTeam "Veliko Gradiste"]
[BlackTeam "Majdanpek"]
[WhiteTeamCountry "SRB"]
[BlackTeamCountry "SRB"]

1. d4 d5 2. Nf3 Bf5 3. e3 e6 4. Bd3 Bg6 5. 0-0 Nd7 6. c4 c6 7. Nc3 Ngf6 8. Qe2 Bb4 9. Bd2 Qe7 10. a3 Bd6 11. e4 dxc4 12. Bxc4 e5 13. d5 0-0 14. Bg5 h6 15. Bh4 Bh7 16. dxc6 bxc6 17. b4 g5 18. Bg3 Nb6 19. Ba6 Nh5 20. Rad1 Rad8 21. Rd2 Bc7 22. Rfd1 Rxd2 23. Nxd2 Nxg3 24. hxg3 c5 25. b5 Rd8 26. a4 Rd4 27. a5 Na4 28. Nxa4 Rxa4 29. Nc4 Qe6 30. b6 axb6 31. axb6 Bxb6 32. Rd6 Qe7 33. Rxb6 Qa7 34. Qd1 Rxa6 35. Qd8+ 1-0

[Event "SRB-chT 2nd League East"]
[Site "Knic"]
[Date "2019.09.07"]
[Round "3.4"]
[White "Milunovic, Toni"]
[Black "Stefanovic, Vladimir"]
[Result "1/2-1/2"]
[WhiteElo "2193"]
[BlackElo "2201"]
[PlyCount "114"]
[EventDate "2019.09.06"]
[EventType "team-tourn"]
[EventRounds "11"]
[EventCountry "SRB"]
[SourceTitle "EXT 2020"]
[Source "ChessBase"]
[SourceDate "2019.10.17"]
[SourceVersion "1"]
[SourceVersionDate "2019.10.17"]
[SourceQuality "1"]
[WhiteTeam "Majdanpek"]
[BlackTeam "Jagodina Kablovi"]
[WhiteTeamCountry "SRB"]
[BlackTeamCountry "SRB"]

1. d4 Nf6 2. Bf4 g6 3. Nc3 d5 4. Qd2 Bg7 5. Bh6 Bxh6 6. Qxh6 c5 7. e3 cxd4 8. exd4 Nc6 9. 0-0-0 Bf5 10. f3 Qb6 11. g4 Be6 12. Bb5 0-0-0 13. Nge2 Kb8 14. Bxc6 Qxc6 15. Nf4 Bc8 16. Nd3 Be6 17. Rhe1 Qd6 18. Nb5 Qb6 19. Qf4+ Kc8 20. Nc3 Nd7 21. Re3 g5 22. Qxg5 Qxd4 23. Qf4 Qb6 24. Na4 Qa5 25. Qd4 Nb6 26. Nxb6+ Qxb6 27. Qxb6 axb6 28. Nf4 Rd6 29. c3 Kd7 30. Re5 f6 31. Re2 Bf7 32. Red2 e6 33. b3 Rc8 34. Kb2 b5 35. h4 Ke7 36. g5 Rdc6 37. Re1 Kd7 38. gxf6 Rxc3 39. Nd3 Bg6 40. Ne5+ Kd6 41. Nxg6 hxg6 42. Rde2 Rxf3 43. Rxe6+ Kd7 44. Re7+ Kd6 45. f7 Rf8 46. b4 Rf6 47. Rxb7 R8xf7 48. Rxb5 Rf2+ 49. Ka1 Ra7 50. Ra5 Rxa5 51. bxa5 Rh2 52. Rg1 Rxh4 53. Rxg6+ Kc5 54. Kb2 Ra4 55. a6 Kb5 56. Rd6 Kc5 57. Rh6 Kb5 1/2-1/2

[Event "SRB-chT2 East"]
[Site "Serbia"]
[Date "2018.09.08"]
[Round "2.34"]
[White "Milunovic, Toni"]
[Black "Djukic, Slobodan D"]
[Result "1/2-1/2"]
[WhiteElo "2174"]
[BlackElo "2159"]
[PlyCount "80"]
[EventDate "2018.09.07"]
[EventType "team-tourn"]
[EventRounds "11"]
[EventCountry "SRB"]
[SourceTitle "EXT 2021"]
[Source "ChessBase"]
[SourceDate "2020.10.23"]
[SourceVersion "1"]
[SourceVersionDate "2020.10.23"]
[SourceQuality "1"]
[WhiteTeam "Majdanpek"]
[BlackTeam "Veliko Gradiste"]
[WhiteTeamCountry "SRB"]
[BlackTeamCountry "SRB"]

1. Nf3 Nf6 2. c4 g6 3. Nc3 Bg7 4. e4 d6 5. d4 0-0 6. Be2 e5 7. 0-0 Nc6 8. Be3 Ng4 9. Bg5 f6 10. Bh4 g5 11. Bg3 Nh6 12. dxe5 fxe5 13. Nd5 Nf7 14. Ne1 Nd4 15. Bh5 c6 16. Ne3 Be6 17. h3 Nh6 18. Nd3 c5 19. b4 b6 20. a4 a5 21. b5 Kh8 22. Rc1 Ra7 23. Nd5 Rb7 24. Ne1 Ng8 25. Nc2 Nf6 26. Nxf6 Qxf6 27. Ne3 Qd8 28. Re1 Bf6 29. Bg4 Qd7 30. Bxe6 Qxe6 31. Qh5 Bd8 32. Nd5 Rg7 33. Ne3 Rg6 34. Ng4 Kg7 35. Rc3 Be7 36. f3 Qf7 37. Ne3 Qe6 38. Ng4 Qf7 39. Ne3 Qe6 40. Ng4 Qf7 1/2-1/2

[Event "SRB-chT2 East CS"]
[Site "Serbia"]
[Date "2011.10.15"]
[Round "9.13"]
[White "Vulicevic, Bratimir"]
[Black "Milunovic, Toni"]
[Result "1/2-1/2"]
[WhiteElo "2146"]
[BlackElo "2283"]
[PlyCount "49"]
[EventDate "2011.09.11"]
[EventType "team"]
[EventRounds "11"]
[EventCountry "SRB"]
[SourceTitle "EXT 2015"]
[Source "ChessBase"]
[SourceDate "2014.11.20"]
[SourceVersion "1"]
[SourceVersionDate "2014.11.20"]
[SourceQuality "1"]

1. d4 g6 2. c4 Bg7 3. Nc3 d6 4. Nf3 a6 5. g3 c6 6. a4 a5 7. Bg2 Na6 8. 0-0 Nf6 9. e4 Bg4 10. h3 Bxf3 11. Bxf3 Nd7 12. Be3 0-0 13. Bg2 e5 14. Ne2 Qe7 15. Qd2 Nb4 16. Rad1 exd4 17. Bxd4 Bxd4 18. Qxd4 Nc5 19. Nc3 Rad8 20. f4 f6 21. h4 Qf7 22. Rf2 Nb3 23. Qb6 Qxc4 24. Bf1 Qf7 25. Bg2 1/2-1/2

[Event "SRB-chT2"]
[Site "Golubac"]
[Date "2008.09.27"]
[Round "11"]
[White "Milunovic, Toni"]
[Black "Rabrenovic, Vladan"]
[Result "0-1"]
[WhiteElo "2318"]
[BlackElo "2357"]
[PlyCount "50"]
[EventDate "2008.09.20"]
[EventType "team-tourn"]
[EventRounds "11"]
[EventCountry "YUG"]
[SourceTitle "EXT 2010"]
[Source "ChessBase"]
[SourceDate "2010.11.25"]
[SourceVersion "1"]
[SourceVersionDate "2010.11.25"]
[SourceQuality "1"]

1. e4 c5 2. Nf3 e6 3. d3 Nc6 4. Be2 Nf6 5. 0-0 d5 6. Nbd2 Bd6 7. c3 0-0 8. Re1 Bc7 9. Bf1 d4 10. a3 a5 11. a4 e5 12. Nc4 h6 13. Na3 Ne8 14. Nd2 Be6 15. Ndc4 Nd6 16. Nxd6 Bxd6 17. g3 Qd7 18. Nb5 Bb8 19. Qc2 Kh8 20. c4 f5 21. Bg2 f4 22. f3 g5 23. g4 Kg7 24. Qd1 h5 25. h3 Rh8 0-1

[Event "SRB-chT2"]
[Site "Golubac"]
[Date "2008.09.22"]
[Round "5"]
[White "Milunovic, Toni"]
[Black "Zivkovic, Ivan"]
[Result "1/2-1/2"]
[WhiteElo "2318"]
[BlackElo "2308"]
[PlyCount "37"]
[EventDate "2008.09.20"]
[EventType "team-tourn"]
[EventRounds "11"]
[EventCountry "YUG"]
[SourceTitle "EXT 2010"]
[Source "ChessBase"]
[SourceDate "2010.11.25"]
[SourceVersion "1"]
[SourceVersionDate "2010.11.25"]
[SourceQuality "1"]

1. d4 d5 2. Bg5 c6 3. c3 Bf5 4. Nd2 Nd7 5. Ngf3 Ngf6 6. e3 h6 7. Bh4 Qb6 8. Qb3 g5 9. Bg3 Nh5 10. Be2 Nxg3 11. hxg3 Bg7 12. Nh2 h5 13. Nhf3 Bf6 14. Nf1 0-0-0 15. N3d2 g4 16. a4 Qc7 17. c4 e6 18. a5 a6 19. Bd3 1/2-1/2